000 00777cam a2200205 i 4500
005 20260114104116.0
008 250721s2023 jo gr 000 0 ara d
020 _a9789923779712
082 1 4 _a306.6
_bش ه و
100 1 _aالشهوان، ريما فهد
_eمؤلف.
245 1 2 _aالخطاب الديني المعتدل ودوره في مكافحة التطرف والإرهاب /
_cتأليف الدكتورة ريما فهد الشهوان.
250 _aالطبيعة الأولى.
264 3 1 _aعمان :
_bزاد ناشرون و موزعون،
_c2023.
300 _a113 صفحة.
650 1 7 _aعلم الاجتماع الديني.
650 1 7 _aالتطرف.
650 1 7 _aالارهاب.
942 _2ddc
_cBK
999 _c144514
_d144514